Statistics for Most Popular Users in 2015

Click here to take the quiz!

General Stats

  • This quiz has been taken 40 times
    (35 since last reset)
  • The average score is 2 of 20

Answer Stats

Times TakenQuizUser% Correct
686,710Countries Closest to the USrelessness
76%
415,771Countries of the World - One Minute SprintJerry928
30%
124,57212 x 12 Multiplication Table in 2 Minutesscambigol
30%
131,301Digits of Pikalbahamut
27%
330,807Countries Breakdown Puzzle #1kiwirage
12%
188,413Five Most Populated Countries by ContinentQuizzer6794
12%
82,055America's Least-Educated CitiesgeoPunk
6%
256,791Fast Typing A to Zjohnnyaitch
6%
135,042Countries That End in YLBA
6%
95,244Band Names by SynonymMattPunk
6%
487,586États des États-Unispunkfrancais
6%
199,173Disney Animated CharactersCBTemple
3%
86,368Country BoggleGeoguy
3%
69,123Les 151 premiers pokemon en françaiskatsudk
3%
108,292Mean Girl QuotesKquilikquiit
3%
87,592Estado de los Estados UnidospunkEspanol
3%
166,293Fast Typing Test - 100 WPM ChallengeThirdParty
3%
86,204Answers Begin and End with the Same Letterbuck1017
0%
68,894Hauptstädten der WeltdeutschPunk
0%
78,117Countries with Nuclear Weaponsmac212121
0%

Score Distribution

Percentile by Number Answered

Percent of People with Each Score

Your Score History

You have not taken this quiz since the last reset